| 000 | 01047nam a2200361 i 4500 | ||
|---|---|---|---|
| 003 | DO-SdBNP | ||
| 005 | 20250826092427.0 | ||
| 007 | ta | ||
| 008 | 250826s1973 dr a 000 0 spa d | ||
| 040 |
_aDO-SdBNP _bspa _cBNPHU _erda |
||
| 041 | _asp | ||
| 082 |
_a070.44 _bM385p _222 |
||
| 100 | 1 |
_aMartínez, Julio César _eautor _987663 |
|
| 245 | 1 |
_aProa / _cJulio César Martínez |
|
| 264 | 1 |
_aSanto Domingo : _bRenovación, _c1973 |
|
| 300 |
_a269 páginas ; _c23 cm. |
||
| 336 |
_atexto _btxt _2rdacontent |
||
| 337 |
_asin mediación _bn _2rdamedia |
||
| 338 |
_avolumen _bnc _2rdacarrier |
||
| 500 | _aHomenaje postumo a don César Martínez fiel exponente del periodismo independiente y honesto | ||
| 505 | _aBiblioteca tiene v.1 | ||
| 590 | _aInventariado, 2025/ DG | ||
| 650 | 4 |
_aEnsayos periodísticos _988534 |
|
| 650 | 4 |
_aPeriodismo _zRepública Dominicana _936 |
|
| 700 | _935836 | ||
| 700 | _987665 | ||
| 700 | _987666 | ||
| 700 | _987667 | ||
| 700 | _987668 | ||
| 700 | _987669 | ||
| 910 | _aDG | ||
| 942 |
_2ddc _cLBS1 |
||
| 999 |
_c59819 _d59819 |
||